00185nam a22000857a 4500082001600000245001400016260004800030300000800078650001300086 a547.869 PIG aPigments/ aLondon:bImperial Smelting Corporation Ltd, a88p aResearch